[Event "FRA T I 120102011"]
[Site "FRA"]
[Date "2010.12.11"]
[Round "4.3"]
[White "Przymusinski, Nicolas"]
[Black "Carton, Camille"]
[Result "0-1"]
[WhiteElo "2176"]
[BlackElo "2221"]
[PlyCount "80"]
[EventDate "2010.10.17"]
[EventType "team-match"]
[EventRounds "9"]
[EventCountry "FRA"]
[Source "FFE"]
[SourceDate "2010.10.29"]

1. c4 c6 2. g3 d5 3. Nf3 Nf6 4. Bg2 Bf5 5. cxd5 Bxb1 6. Rxb1 Qxd5 7. a3 e6 8.
d4 Be7 9. O-O O-O 10. Ne5 Qd8 11. Qc2 Nbd7 12. Rd1 Nxe5 13. dxe5 Nd7 14. Be3
Qc7 15. f4 Rfd8 16. b4 Nb6 17. Bd4 Rac8 18. e3 Nd7 19. Rdc1 a5 20. Qe4 axb4 21.
axb4 Nb8 22. g4 b6 23. f5 Bf8 24. Bf1 c5 25. bxc5 bxc5 26. fxe6 fxe6 27. Bd3 g6
28. Rb7 Qc6 29. Qxc6 Nxc6 30. Be4 cxd4 31. Rxc6 dxe3 32. Rb1 Rxc6 33. Bxc6 Bc5
34. Kg2 Rd2+ 35. Kg3 Bd4 36. Kf3 Rf2+ 37. Ke4 e2 38. Bb5 Bc3 39. Bxe2 Rxe2+ 40.
Kd3 Rb2 0-1

[Event "FRA T I 120102011"]
[Site "FRA"]
[Date "2010.12.11"]
[Round "4.4"]
[White "Salgado Allaria, Carlos"]
[Black "Favreau, Francois"]
[Result "1-0"]
[WhiteElo "2306"]
[BlackElo "2122"]
[PlyCount "61"]
[EventDate "2010.10.17"]
[EventType "team-match"]
[EventRounds "9"]
[EventCountry "FRA"]
[Source "FFE"]
[SourceDate "2010.10.29"]

1. d4 g6 2. e4 d6 3. Nc3 Bg7 4. Be3 c6 5. Qd2 b5 6. h4 h5 7. Nh3 Nf6 8. f3 Qc7
9. Ng5 Nbd7 10. O-O-O Rb8 11. Bf4 Nh7 12. Nxh7 Rxh7 13. Kb1 Qa5 14. Ne2 Qb6 15.
Be3 Qc7 16. Nf4 Nb6 17. d5 c5 18. Bxb5+ Bd7 19. Bxd7+ Qxd7 20. b3 Nc4 21. Qe2
Qb5 22. Bc1 Qb4 23. Nd3 Qc3 24. e5 dxe5 25. Qe1 Qa5 26. Qxa5 Nxa5 27. Nxc5 Rb5
28. Ne4 Kd7 29. Bb2 Rh8 30. c4 Rb4 31. Bc3 1-0

[Event "FRA T I 120102011"]
[Site "FRA"]
[Date "2010.12.11"]
[Round "4.5"]
[White "Durczak, Mathieu"]
[Black "Tournier, Mathieu"]
[Result "0-1"]
[WhiteElo "208"]
[BlackElo "2240"]
[PlyCount "72"]
[EventDate "2010.10.17"]
[EventType "team-match"]
[EventRounds "9"]
[EventCountry "FRA"]
[Source "FFE"]
[SourceDate "2010.10.29"]

1. Nf3 Nf6 2. g3 d5 3. d4 Bg4 4. Bg2 e6 5. O-O Nbd7 6. a4 Be7 7. Na3 O-O 8. c3
c6 9. Nc2 Bh5 10. Nce1 Ne8 11. Nd3 f6 12. Re1 Nc7 13. Qb3 Rb8 14. Bd2 c5 15.
dxc5 Nxc5 16. Nxc5 Bxc5 17. Rad1 b5 18. a5 Bf7 19. Nd4 Qd7 20. Qc2 Bg6 21. e4
Rbc8 22. Nb3 Bd6 23. Be3 Qc6 24. Bxa7 b4 25. Nd4 Qa6 26. Bb6 bxc3 27. Qxc3 Na8
28. Qb3 Nxb6 29. axb6 Qc4 30. Qxc4 Rxc4 31. Nxe6 Rb8 32. exd5 Rxb6 33. Re2 Bc2
34. Rd4 Rc8 35. Rdd2 Rxb2 36. Be4 Bxe4 0-1

[Event "FRA T I 120102011"]
[Site "FRA"]
[Date "2010.12.11"]
[Round "4.8"]
[White "Tissot, Alice"]
[Black "Accettone, Gregory"]
[Result "0-1"]
[WhiteElo "1960"]
[BlackElo "1708"]
[PlyCount "71"]
[EventDate "2010.10.17"]
[EventType "team-match"]
[EventRounds "9"]
[EventCountry "FRA"]
[Source "FFE"]
[SourceDate "2010.10.29"]

1. e4 e5 2. Nf3 Nc6 3. Bb5 a6 4. Bxc6 dxc6 5. h3 Bd6 6. O-O Ne7 7. d4 f6 8.
dxe5 fxe5 9. Bg5 Be6 10. Nbd2 Qd7 11. Qe2 O-O-O 12. Nc4 Bxc4 13. Qxc4 h6 14.
Be3 g5 15. Nh2 Ng6 16. Qe2 h5 17. Bxg5 Rdg8 18. Qe3 Kb8 19. h4 Nf4 20. Rad1 Qe6
21. a3 Qg6 22. Nf3 Rh7 23. b4 Rhg7 24. c4 Qe6 25. Kh1 Qg4 26. Rg1 Be7 27. Nh2
Qe6 28. Bxf4 exf4 29. Qxf4 Qxc4 30. Nf3 Rg4 31. Qh2 Rxe4 32. g3 Qc3 33. Nd2 Rd4
34. Rge1 Qc2 35. Qh3 Bd6 36. Qe6 {suite illisible} 0-1

[Event "FRA T I 120102011"]
[Site "FRA"]
[Date "2010.12.11"]
[Round "4.1"]
[White "Vallin, Guillaume"]
[Black "Karpatchev, Aleksandr"]
[Result "1/2-1/2"]
[WhiteElo "2418"]
[BlackElo "2474"]
[PlyCount "47"]
[EventDate "2010.10.17"]
[EventType "team-match"]
[EventRounds "9"]
[EventCountry "FRA"]
[Source "FFE"]
[SourceDate "2010.10.29"]

1. d4 d5 2. c4 dxc4 3. Nf3 Nf6 4. e3 a6 5. a4 Bg4 6. Bxc4 e6 7. h3 Bh5 8. Nc3
Nc6 9. O-O Bd6 10. b3 O-O 11. Bb2 e5 12. dxe5 Nxe5 13. Be2 Bxf3 14. Bxf3 Nd3
15. Qc2 Nxb2 16. Qxb2 c6 17. b4 Qe7 18. Rab1 Be5 19. Qc2 Rfc8 20. Rfc1 g6 21.
Ne4 Nxe4 22. Qxe4 Qc7 23. g3 Rd8 24. Rd1 1/2-1/2

[Event "FRA T I 120102011"]
[Site "FRA"]
[Date "2010.12.11"]
[Round "4.4"]
[White "Sarakauskas, Gediminas"]
[Black "Mandon, Fabrice"]
[Result "1-0"]
[WhiteElo "2450"]
[BlackElo "2196"]
[PlyCount "45"]
[EventDate "2010.10.17"]
[EventType "team-match"]
[EventRounds "9"]
[EventCountry "FRA"]
[Source "FFE"]
[SourceDate "2010.10.29"]

1. e4 g6 2. d4 Bg7 3. g3 d6 4. Bg2 c5 5. d5 Nf6 6. c4 O-O 7. Nc3 Nbd7 8. h3 Nh5
9. Nge2 Ne5 10. b3 b5 11. cxb5 a6 12. g4 Nf6 13. f4 Nexg4 14. hxg4 Nxg4 15.
bxa6 Bxa6 16. Qd2 Qa5 17. Bb2 Bxe2 18. Kxe2 Bd4 19. Nd1 Qb5+ 20. Kf3 h5 21.
Bxd4 cxd4 22. Qxd4 Rfc8 23. Nc3 1-0

[Event "FRA T I 120102011"]
[Site "FRA"]
[Date "2010.12.11"]
[Round "4.5"]
[White "Lefebvre, Herve"]
[Black "Netzer, Jean"]
[Result "1/2-1/2"]
[WhiteElo "2291"]
[BlackElo "2402"]
[PlyCount "64"]
[EventDate "2010.10.17"]
[EventType "team-match"]
[EventRounds "9"]
[EventCountry "FRA"]
[Source "FFE"]
[SourceDate "2010.10.29"]

1. e4 c5 2. Nf3 e6 3. d4 cxd4 4. Nxd4 Nc6 5. Nc3 Qc7 6. g3 a6 7. Bg2 d6 8. O-O
Bd7 9. a4 Nf6 10. Nb3 Be7 11. f4 h6 12. a5 Rc8 13. Kh1 O-O 14. g4 Nh7 15. Rf3
Nb4 16. Rh3 e5 17. f5 b6 18. axb6 Qxb6 19. Be3 Qb8 20. Nd2 Rfd8 21. Nf3 d5 22.
exd5 Bc6 23. Qc1 Nxd5 24. Nxd5 Bxd5 25. Bxh6 Qb7 26. Bxg7 Bg5 27. Qe1 Kxg7 28.
Rxh7+ Kxh7 29. Nxg5+ Kg8 30. Ne4 Bxe4 31. Bxe4 Qxb2 32. Rxa6 Rc7 {suite
illisible} 1/2-1/2

[Event "FRA T I 120102011"]
[Site "FRA"]
[Date "2010.12.11"]
[Round "4.6"]
[White "Mensch, Etienne"]
[Black "Jeanne, Mickael"]
[Result "1-0"]
[WhiteElo "2348"]
[BlackElo "2169"]
[PlyCount "89"]
[EventDate "2010.10.17"]
[EventType "team-match"]
[EventRounds "9"]
[EventCountry "FRA"]
[Source "FFE"]
[SourceDate "2010.10.29"]

1. d4 e6 2. Nf3 d5 3. c4 c6 4. e3 f5 5. Bd3 Bd6 6. O-O Nf6 7. Ne5 O-O 8. f4 Ne4
9. Bd2 Nd7 10. Qb3 Nxe5 11. fxe5 Be7 12. cxd5 exd5 13. Bb4 Bxb4 14. Qxb4 Qb6
15. Qxb6 axb6 16. Bxe4 dxe4 17. a4 b5 18. a5 Be6 19. b4 b6 20. Rc1 Rfc8 21. Nc3
bxa5 22. Rxa5 Rxa5 23. bxa5 Ra8 24. Ra1 Bc4 25. Kf2 Kf7 26. Ke1 Ke6 27. Kd2 b4
28. Na4 Ra7 29. Nb6 Bb5 30. Kc2 g5 31. g3 Ba6 32. Kb3 f4 33. gxf4 gxf4 34. exf4
Rf7 35. Na4 Kd5 36. Nc5 Bc4+ 37. Kxb4 Kxd4 38. e6 Rf8 39. Nd7 c5+ 40. Ka4 Rxf4
41. Rd1+ Ke3 42. Nxc5 Rf8 43. Kb4 Bd3 44. Nxd3 exd3 45. e7 1-0

[Event "FRA T I 120102011"]
[Site "FRA"]
[Date "2010.12.11"]
[Round "4.8"]
[White "Maisuradze, Nino"]
[Black "Turquetille, Annabelle"]
[Result "1-0"]
[WhiteElo "2268"]
[BlackElo "1763"]
[PlyCount "41"]
[EventDate "2010.10.17"]
[EventType "team-match"]
[EventRounds "9"]
[EventCountry "FRA"]
[Source "FFE"]
[SourceDate "2010.10.29"]

1. d4 d5 2. c4 dxc4 3. e4 Nc6 4. Nf3 Bg4 5. d5 Ne5 6. Bf4 Ng6 7. Be3 Nf6 8. Nc3
e6 9. Bxc4 Bb4 10. Qa4+ c6 11. Qxb4 exd5 12. exd5 Bxf3 13. gxf3 b5 14. Be2 Nxd5
15. Nxd5 Qxd5 16. Rd1 Qf5 17. Bc5 f6 18. Bxb5 Ne5 19. Be2 Kf7 20. Qb7+ Kg6 21.
Rg1+ 1-0

[Event "FRA T I 120102011"]
[Site "FRA"]
[Date "2010.12.11"]
[Round "4.2"]
[White "Cekro, Ekrem"]
[Black "Decosse, Jean Fabien"]
[Result "1-0"]
[WhiteElo "2378"]
[BlackElo "2225"]
[PlyCount "59"]
[EventDate "2010.10.17"]
[EventType "team-match"]
[EventRounds "9"]
[EventCountry "FRA"]
[Source "FFE"]
[SourceDate "2010.10.29"]

1. c4 d6 2. g3 g6 3. Bg2 Bg7 4. Nc3 Nd7 5. d4 e5 6. Nf3 Ne7 7. O-O O-O 8. e4
exd4 9. Nxd4 Ne5 10. b3 N5c6 11. Be3 Nxd4 12. Bxd4 Nc6 13. Bxg7 Kxg7 14. Qd2
Be6 15. f4 f6 16. Rad1 Qd7 17. Qb2 Rae8 18. c5 Qe7 19. cxd6 cxd6 20. Qa3 Rd8
21. Nb5 a6 22. Nxd6 Rd7 23. Qc5 Rfd8 24. e5 Nxe5 25. fxe5 fxe5 26. Qxe5+ Kg8
27. Nf7 Qxf7 28. Rxf7 Bxf7 29. Rxd7 Rxd7 30. Qb8+ 1-0

[Event "FRA T I 120102011"]
[Site "FRA"]
[Date "2010.12.11"]
[Round "4.4"]
[White "Pucher, Olivier"]
[Black "Barbini, Denis"]
[Result "1-0"]
[WhiteElo "2348"]
[BlackElo "2119"]
[PlyCount "69"]
[EventDate "2010.10.17"]
[EventType "team-match"]
[EventRounds "9"]
[EventCountry "FRA"]
[Source "FFE"]
[SourceDate "2010.10.29"]

1. d4 d6 2. Nf3 g6 3. c4 Bg7 4. Nc3 Nf6 5. e4 O-O 6. Be2 e5 7. O-O exd4 8. Nxd4
Re8 9. f3 c6 10. Bf4 Nh5 11. Be3 Na6 12. Qd2 Nc5 13. Rad1 Qe7 14. Rfe1 a5 15.
Bf1 Be5 16. Qf2 Ne6 17. g3 Nf6 18. h3 Nh5 19. f4 Bxd4 20. Bxd4 Nxd4 21. Rxd4 f5
22. Kh2 Be6 23. exf5 gxf5 24. g4 Ng7 25. g5 Rad8 26. Nd5 cxd5 27. cxd5 Qd7 28.
dxe6 Nxe6 29. Bc4 Kh8 30. Rd5 Nc5 31. Rxe8+ Rxe8 32. Qd4+ Qg7 33. Rxd6 b5 34.
Rd8 Qxd4 35. Rxe8+ 1-0

[Event "FRA T I 120102011"]
[Site "FRA"]
[Date "2010.12.11"]
[Round "4.5"]
[White "Le Borgne, Pierre"]
[Black "Taddei, Benoit"]
[Result "1-0"]
[WhiteElo "2222"]
[BlackElo "2301"]
[PlyCount "49"]
[EventDate "2010.10.17"]
[EventType "team-match"]
[EventRounds "9"]
[EventCountry "FRA"]
[Source "FFE"]
[SourceDate "2010.10.29"]

1. e4 Nf6 2. e5 Nd5 3. Nc3 Nxc3 4. bxc3 d6 5. f4 Bf5 6. Nf3 e6 7. Rb1 Qc8 8.
Nd4 Bg6 9. Qf3 c6 10. h4 dxe5 11. fxe5 Qc7 12. Qg3 h5 13. Nxe6 Qe7 14. Nxf8
Bxc2 15. Qxg7 Rxf8 16. Rb2 Bg6 17. d4 Qa3 18. Kd2 Nd7 19. e6 Nc5 20. exf7+ Bxf7
21. Qe5+ Ne6 22. Bc4 O-O-O 23. Bxe6+ Bxe6 24. Qxe6+ Kb8 25. Rxb7+ 1-0

[Event "FRA T I 120102011"]
[Site "FRA"]
[Date "2010.12.11"]
[Round "4.6"]
[White "Carrillo, Jesus"]
[Black "Rodon, Gurvan"]
[Result "0-1"]
[WhiteElo "2099"]
[BlackElo "2008"]
[PlyCount "60"]
[EventDate "2010.10.17"]
[EventType "team-match"]
[EventRounds "9"]
[EventCountry "FRA"]
[Source "FFE"]
[SourceDate "2010.10.29"]

1. e4 c5 2. Nf3 d6 3. d4 cxd4 4. Nxd4 Nf6 5. Nc3 a6 6. Bc4 e6 7. Bb3 Be7 8. f4
Nc6 9. Be3 O-O 10. Qf3 Bd7 11. O-O Nxd4 12. Bxd4 Bc6 13. f5 e5 14. Bf2 b5 15.
a3 a5 16. Rad1 b4 17. axb4 axb4 18. Nd5 Nxd5 19. Bxd5 Bxd5 20. Rxd5 Qc7 21. Rc1
Rfc8 22. Rb5 Qc4 23. Rb7 Bg5 24. Rd1 Qxc2 25. Qh5 g6 26. fxg6 hxg6 27. Qf3
Qxd1+ 28. Qxd1 Rc1 29. Qxc1 Bxc1 30. Rxb4 Bd2 0-1

[Event "FRA T I 120102011"]
[Site "FRA"]
[Date "2010.12.11"]
[Round "4.7"]
[White "Marchadour, Emilie"]
[Black "Hartmann, Dominique"]
[Result "1-0"]
[WhiteElo "2055"]
[BlackElo "2014"]
[PlyCount "71"]
[EventDate "2010.10.17"]
[EventType "team-match"]
[EventRounds "9"]
[EventCountry "FRA"]
[Source "FFE"]
[SourceDate "2010.10.29"]

1. e4 c5 2. Nf3 d6 3. d4 cxd4 4. Nxd4 Nf6 5. Nc3 a6 6. f3 e6 7. Be3 b5 8. Qd2
Nbd7 9. g4 Nb6 10. g5 Nfd7 11. Bd3 Bb7 12. O-O-O Rc8 13. h4 Ne5 14. f4 Nec4 15.
Bxc4 Nxc4 16. Qd3 b4 17. Nce2 Qa5 18. Kb1 Nxe3 19. Qxe3 Qc5 20. Rhf1 Be7 21.
Rd2 a5 22. Qd3 a4 23. f5 e5 24. f6 exd4 25. fxe7 Kxe7 26. Nxd4 Rhd8 27. Qf3 Rf8
28. Nf5+ Kd7 29. Nxd6 Qxd6 30. Rxd6+ Kxd6 31. Qf4+ Kc6 32. e5 Rce8 33. Re1 Bc8
34. Qxb4 Be6 35. Rd1 Rd8 36. Rd6+ 1-0

[Event "FRA T I 120102011"]
[Site "FRA"]
[Date "2010.12.11"]
[Round "4.2"]
[White "Soyez, Cyril"]
[Black "Jablonski, Noham"]
[Result "0-1"]
[WhiteElo "2255"]
[BlackElo "2264"]
[PlyCount "90"]
[EventDate "2010.10.17"]
[EventType "team-match"]
[EventRounds "9"]
[EventCountry "FRA"]
[Source "FFE"]
[SourceDate "2010.10.29"]

1. c4 f5 2. g3 d6 3. Bg2 Nf6 4. Nc3 g6 5. d4 Bg7 6. Nf3 O-O 7. O-O Qe8 8. Bg5
c6 9. d5 c5 10. Qd2 Na6 11. Rfe1 Qf7 12. e4 fxe4 13. Nxe4 Bf5 14. Bxf6 Bxf6 15.
Nfg5 Qg7 16. Nxf6+ Rxf6 17. Bh3 Bxh3 18. Nxh3 Nc7 19. Re2 b5 20. Rae1 bxc4 21.
Rxe7 Rf7 22. Qg5 Raf8 23. Nf4 h6 24. Qxg6 Qxg6 25. Nxg6 Nxd5 26. R7e6 Rd8 27.
Rd1 Rf6 28. Nf4 Kf7 29. Rxd5 Rxe6 30. Nxe6 Kxe6 31. Rd2 d5 32. Kf1 d4 33. Re2+
Kd5 34. f4 d3 35. Rf2 Ke4 36. Ke1 c3 37. bxc3 Rb8 38. Rd2 Ke3 39. Rd1 Rb2 40.
Kf1 Rxh2 41. Kg1 Rxa2 42. f5 d2 43. Kf1 Ra6 44. c4 Rf6 45. g4 h5 0-1

[Event "FRA T I 120102011"]
[Site "FRA"]
[Date "2010.12.11"]
[Round "4.5"]
[White "Lohou, Stephane"]
[Black "Maitesian, Sergei"]
[Result "0-1"]
[WhiteElo "2165"]
[BlackElo "2282"]
[PlyCount "46"]
[EventDate "2010.10.17"]
[EventType "team-match"]
[EventRounds "9"]
[EventCountry "FRA"]
[Source "FFE"]
[SourceDate "2010.10.29"]

1. e4 c5 2. Nf3 d6 3. d4 cxd4 4. Nxd4 Nf6 5. Nc3 a6 6. Bg5 e6 7. f4 Be7 8. Qf3
Qc7 9. O-O-O Nbd7 10. g4 b5 11. Bxf6 gxf6 12. Bd3 Bb7 13. g5 O-O-O 14. Qh5 Rhf8
15. h4 b4 16. Nce2 Nc5 17. Ng3 d5 18. gxf6 Qxf4+ 19. Kb1 Bxf6 20. Nde2 Qe5 21.
Qxe5 Bxe5 22. exd5 Bxd5 23. Rhf1 Nxd3 {suite illisible} 0-1

[Event "FRA T I 120102011"]
[Site "FRA"]
[Date "2010.12.11"]
[Round "4.6"]
[White "Kieffer, Christian"]
[Black "Schabanel, Stephane"]
[Result "1-0"]
[WhiteElo "2143"]
[BlackElo "2228"]
[PlyCount "71"]
[EventDate "2010.10.17"]
[EventType "team-match"]
[EventRounds "9"]
[EventCountry "FRA"]
[Source "FFE"]
[SourceDate "2010.10.29"]

1. e4 c5 2. Nf3 e6 3. Nc3 a6 4. d4 cxd4 5. Nxd4 Qc7 6. Bd3 Nf6 7. O-O Bc5 8.
Nb3 Be7 9. Qe2 d6 10. f4 Nbd7 11. Bd2 b5 12. Rae1 Bb7 13. e5 Nd5 14. Nxd5 Bxd5
15. Ba5 Qa7+ 16. Kh1 g6 17. Bc3 O-O 18. f5 dxe5 19. fxg6 hxg6 20. Qg4 e4 21.
Bxe4 Bxe4 22. Rxe4 e5 23. Bxe5 Nxe5 24. Rxe5 Rad8 25. c3 Qc7 26. Re3 Qd7 27.
Qe2 Bh4 28. Nd4 Rfe8 29. a3 Rxe3 30. Qxe3 Re8 31. Qf4 Bd8 32. Qg3 Bc7 33. Qh4
Qd5 34. Re1 Rxe1+ 35. Qxe1 Kg7 36. Qe2 1-0

[Event "FRA T I 120102011"]
[Site "FRA"]
[Date "2010.12.11"]
[Round "4.7"]
[White "Fayard, Alain"]
[Black "Dehesdin, Wilfried"]
[Result "1/2-1/2"]
[WhiteElo "2215"]
[BlackElo "2138"]
[PlyCount "39"]
[EventDate "2010.10.17"]
[EventType "team-match"]
[EventRounds "9"]
[EventCountry "FRA"]
[Source "FFE"]
[SourceDate "2010.10.29"]

1. d4 d5 2. Nf3 Nf6 3. c4 c6 4. e3 e6 5. Nc3 Bb4 6. Bd2 Nbd7 7. Bd3 O-O 8. O-O
a6 9. Nxd5 Nxd5 10. cxd5 Bxd2 11. dxe6 Ba5 12. exd7 Bxd7 13. Qc2 h6 14. Ne5 Bc7
15. f4 Qe7 16. Rf3 Rad8 17. Raf1 c5 18. Rg3 Bc8 19. f5 Bxe5 20. dxe5 {suite
illisible} 1/2-1/2

[Event "FRA T I 120102011"]
[Site "FRA"]
[Date "2010.12.12"]
[Round "5.3"]
[White "Hautot, Stephane"]
[Black "Lefebvre, Herve"]
[Result "1-0"]
[WhiteElo "2429"]
[BlackElo "2291"]
[PlyCount "139"]
[EventDate "2010.10.17"]
[EventType "team-match"]
[EventRounds "9"]
[EventCountry "FRA"]
[Source "FFE"]
[SourceDate "2010.10.29"]

1. e4 c5 2. Nf3 Nc6 3. d4 cxd4 4. Nxd4 Nf6 5. Nc3 e5 6. Ndb5 d6 7. Bg5 a6 8.
Na3 b5 9. Bxf6 gxf6 10. Nd5 f5 11. exf5 Bxf5 12. c3 Bg7 13. Nc2 O-O 14. Nce3
Be6 15. Bd3 f5 16. a4 bxa4 17. Rxa4 a5 18. O-O Rb8 19. Qh5 e4 20. Nf4 Bf7 21.
Bc4 d5 22. Bxd5 Qxd5 23. Nexd5 Bxh5 24. Nxh5 Rxb2 25. Rc4 Rd2 26. Nhf4 Ne5 27.
Rc7 Rf7 28. Ne7+ Kf8 29. Nfd5 Rxe7 30. Nxe7 f4 31. Nf5 Bf6 32. Nd4 Nd3 33. Rb1
Nb2 34. Nb3 Rc2 35. Nxa5 e3 36. fxe3 fxe3 37. Nc4 e2 38. Nxb2 Rxb2 39. Re1 Rc2
40. Kf2 Bxc3 41. Kf3 Bxe1 42. Rxc2 Bg3 43. Rxe2 Bxh2 44. Re6 Kg7 45. Kg4 Bg1
46. Kf5 Bd4 47. Rd6 Bb2 48. Rd7+ Kg8 49. g4 Bc3 50. g5 Bb2 51. Kg4 Bc3 52. Kh5
Bb4 53. Rb7 Bc5 54. Rb5 Bd6 55. Rf5 Kg7 56. Rd5 Bb4 57. Rd8 Ba3 58. Rd7+ Kg8
59. Kg4 Bb2 60. Kf5 Bc3 61. Rb7 Bd4 62. Kg4 Be5 63. Rd7 Bc3 64. Rd3 Bb4 65. Kf5
Be7 66. Rc3 Bb4 67. Rc8+ Kf7 68. Rc7+ Be7 69. Ra7 Kf8 70. Kg4 1-0

[Event "FRA T I 120102011"]
[Site "FRA"]
[Date "2010.11.14"]
[Round "3.2"]
[White "Benitah, Yohan"]
[Black "Fargere, Francois"]
[Result "1/2-1/2"]
[WhiteElo "2393"]
[BlackElo "2506"]
[PlyCount "31"]
[EventDate "2010.10.17"]
[EventType "team-match"]
[EventRounds "9"]
[EventCountry "FRA"]
[Source "FFE"]
[SourceDate "2010.10.29"]

1. d4 d5 2. c4 c6 3. Nf3 Nf6 4. cxd5 cxd5 5. Nc3 Nc6 6. Bf4 a6 7. e3 Bg4 8. Be2
e6 9. O-O Be7 10. Ne5 Bxe2 11. Qxe2 Rc8 12. Rac1 O-O 13. a3 Nxe5 14. Bxe5 Nd7
15. Bg3 Nb6 16. Rc2 1/2-1/2

[Event "FRA T I 120102011"]
[Site "FRA"]
[Date "2010.11.14"]
[Round "3.8"]
[White "Lamotte, Gaelle"]
[Black "Abello, Isabelle"]
[Result "1-0"]
[WhiteElo "1918"]
[BlackElo "1970"]
[PlyCount "31"]
[EventDate "2010.10.17"]
[EventType "team-match"]
[EventRounds "9"]
[EventCountry "FRA"]
[Source "FFE"]
[SourceDate "2010.10.29"]

1. e4 e6 2. d4 d5 3. Nc3 Bb4 4. e5 Qd7 5. a3 Bxc3+ 6. bxc3 b6 7. Qg4 f5 8. Qg3
Ba6 9. Bxa6 Nxa6 10. Ne2 Nb8 11. Nf4 Nc6 12. Bd2 Na5 13. Nxe6 Qxe6 14. Qxg7 Qg6
15. Qxh8 Qxg2 16. O-O-O 1-0

[Event "FRA T I 120102011"]
[Site "FRA"]
[Date "2010.12.11"]
[Round "4.2"]
[White "Lepelletier, Benoit"]
[Black "Charnushevich, Aliaksei"]
[Result "1/2-1/2"]
[WhiteElo "2422"]
[BlackElo "2499"]
[PlyCount "44"]
[EventDate "2010.10.17"]
[EventType "team-match"]
[EventRounds "9"]
[EventCountry "FRA"]
[Source "FFE"]
[SourceDate "2010.10.29"]

1. Nf3 Nf6 2. c4 e6 3. Nc3 d5 4. d4 Be7 5. Bg5 O-O 6. e3 Nbd7 7. cxd5 exd5 8.
Bd3 c6 9. O-O Re8 10. Qc2 Nf8 11. Rab1 Ne4 12. Bxe7 Qxe7 13. b4 Nxc3 14. Qxc3
Ng6 15. Rfe1 Bg4 16. Be2 Bxf3 17. Bxf3 Nh4 18. Qc2 Nxf3+ 19. gxf3 Qh4 20. Kh1
Re6 21. Rg1 Qh5 22. Qd1 a6 1/2-1/2

[Event "FRA T I 120102011"]
[Site "FRA"]
[Date "2010.12.11"]
[Round "4.4"]
[White "Ludwig, Remi"]
[Black "Vesin, Jean Robert"]
[Result "0-1"]
[WhiteElo "2243"]
[BlackElo "2204"]
[PlyCount "100"]
[EventDate "2010.10.17"]
[EventType "team-match"]
[EventRounds "9"]
[EventCountry "FRA"]
[Source "FFE"]
[SourceDate "2010.10.29"]

1. d4 g6 2. c4 Bg7 3. Nc3 c5 4. d5 Bxc3+ 5. bxc3 f5 6. e4 fxe4 7. h4 Nf6 8. h5
Rg8 9. hxg6 hxg6 10. Ne2 d6 11. Bg5 Bf5 12. Ng3 Nbd7 13. Qa4 Qb6 14. Be2 O-O-O
15. O-O Kb8 16. Rfb1 Qc7 17. Rb2 Rdf8 18. Qb3 Ka8 19. a4 Ne5 20. a5 Bg4 21.
Bxf6 exf6 22. Nxe4 Bxe2 23. Rxe2 g5 24. Rb1 Rg7 25. Qb5 Rh7 26. f3 Qe7 27. Ng3
f5 28. a6 b6 29. Rbe1 Kb8 30. Qb1 Qf6 31. Kf2 Rh4 32. Rh1 Rxh1 33. Nxh1 f4 34.
Qh7 Qf7 35. Qh6 Qf6 36. Qh7 Nf7 37. Qe4 g4 38. fxg4 Ne5 39. Kg1 Qh4 40. Nf2 f3
41. gxf3 Nxf3+ 42. Kf1 Qh2 43. Qe8+ Rxe8 44. Rxe8+ Kc7 45. Re7+ Kc8 46. Rxa7
Kb8 47. Rb7+ Ka8 48. Rxb6 Nd2+ 49. Ke1 Nxc4 50. Rc6 Qe5+ 0-1

[Event "FRA T I 120102011"]
[Site "FRA"]
[Date "2010.12.11"]
[Round "4.5"]
[White "Naudier, Serge"]
[Black "Giroyan, Gary"]
[Result "0-1"]
[WhiteElo "2254"]
[BlackElo "2258"]
[PlyCount "98"]
[EventDate "2010.10.17"]
[EventType "team-match"]
[EventRounds "9"]
[EventCountry "FRA"]
[Source "FFE"]
[SourceDate "2010.10.29"]

1. d4 Nf6 2. c4 g6 3. Nc3 d5 4. Nf3 Bg7 5. Bg5 O-O 6. Bxf6 Bxf6 7. cxd5 c6 8.
dxc6 Nxc6 9. e3 Qa5 10. Bb5 e5 11. Bxc6 exd4 12. Nxd4 bxc6 13. O-O Ba6 14. Re1
Bb7 15. Qa4 Qb6 16. Ne4 Be7 17. Nb3 c5 18. Qd7 Rfe8 19. Nexc5 Bxc5 20. Nxc5
Bxg2 21. Kxg2 Qxc5 22. Rad1 Qg5+ 23. Kh1 Qf6 24. Kg2 Qxb2 25. Rd2 Qf6 26. Red1
Re5 27. Rd4 Rf5 28. R1d2 Qg5+ 29. Kf1 Rb8 30. Qc7 Rb1+ 31. Rd1 Rxd1+ 32. Rxd1
Qh5 33. Qd8+ Kg7 34. Qd4+ Kh6 35. Qd6 Qf3 36. Rd2 Qxe3 37. Qb4 Qh3+ 38. Ke2
Qxh2 39. Kd1 Kg7 40. Qd4+ Qe5 41. Qxa7 Qa1+ 42. Kc2 h5 43. Qa4 Rc5+ 44. Kd3
Qb1+ 45. Kd4 Qb6 46. Ke4 Qe6+ 47. Kd3 Qf5+ 48. Ke2 Re5+ 49. Kf1 Qh3+ 0-1

[Event "FRA T I 120102011"]
[Site "FRA"]
[Date "2010.12.11"]
[Round "4.1"]
[White "Sulava, Nenad"]
[Black "Apicella, Manuel"]
[Result "1/2-1/2"]
[WhiteElo "2561"]
[BlackElo "2531"]
[PlyCount "87"]
[EventDate "2010.10.17"]
[EventType "team-match"]
[EventRounds "9"]
[EventCountry "FRA"]
[Source "FFE"]
[SourceDate "2010.10.29"]

1. Nf3 d5 2. g3 c5 3. Bg2 Nc6 4. d4 e6 5. O-O Nf6 6. c4 dxc4 7. dxc5 Qxd1 8.
Rxd1 Bxc5 9. Nbd2 c3 10. bxc3 O-O 11. Nb3 Be7 12. Nfd4 Bd7 13. Bg5 Rfd8 14.
Nxc6 Bxc6 15. Bxc6 bxc6 16. Na5 Rac8 17. c4 Kf8 18. Rab1 Rxd1+ 19. Rxd1 Bb4 20.
Nb3 Ne4 21. Be3 Nc3 22. Rd2 a5 23. Kf1 Ke8 24. Rc2 a4 25. Nc1 Ne4 26. c5 Ra8
27. Nd3 Ba5 28. Rc4 Nc3 29. Bd4 Nb5 30. Rxa4 Nxd4 31. Rxd4 Bc3 32. Rc4 Ra3 33.
f4 f5 34. Kf2 Ke7 35. h3 Kf6 36. g4 h6 37. Kf3 g5 38. fxg5+ hxg5 39. Kf2 e5 40.
gxf5 Kxf5 41. Kg2 Ke6 42. Kf3 Kf5 43. Kg2 Ke6 44. Kf3 1/2-1/2

[Event "FRA T I 120102011"]
[Site "FRA"]
[Date "2010.12.11"]
[Round "4.3"]
[White "Libiszewski, Fabien"]
[Black "Stojanov, Stanislav"]
[Result "1-0"]
[WhiteElo "2496"]
[BlackElo "2285"]
[PlyCount "77"]
[EventDate "2010.10.17"]
[EventType "team-match"]
[EventRounds "9"]
[EventCountry "FRA"]
[Source "FFE"]
[SourceDate "2010.10.29"]

1. e4 Nf6 2. e5 Nd5 3. d4 d6 4. c4 Nb6 5. exd6 exd6 6. Be3 Be7 7. Bd3 Nc6 8.
Nd2 O-O 9. h3 Bf6 10. Ngf3 Re8 11. O-O d5 12. c5 Nd7 13. Qb1 Nf8 14. b4 a6 15.
a3 h6 16. Nb3 Ne6 17. Qb2 Ng5 18. Nxg5 hxg5 19. Qc3 g4 20. hxg4 Bxg4 21. a4 Qd7
22. b5 axb5 23. axb5 Ne7 24. Bf4 c6 25. b6 Ng6 26. Bxg6 fxg6 27. Ra7 Be2 28.
Rfa1 Rac8 29. Qg3 Qf7 30. Rxb7 Qxb7 31. Ra7 Ba6 32. Rxb7 Bxb7 33. Na5 Re7 34.
Qxg6 Ra8 35. Nxb7 Rxb7 36. Be5 Rf7 37. f4 Ra1+ 38. Kh2 Re1 39. Qg4 1-0